000 00777nam a22001817a 4500
999 _c371816
_d371816
008 201127b ||||| |||| 00| 0 eng d
040 _aDE-2950
_bger
_cDE-2950
_erda
041 _ager
245 _aKleine Parknacht fällt ins Wasser.
_bKultur. Kurzfristig musste die Bürgerinitiative Lennépark aufgrund des Regens am Sonnabend die 12. Auflage ihrer Veranstaltung absagen. Das stieß nicht bei allen auf Verständnis/
_cJörg Kotterba
264 _c2022
653 _aFrankfurt (Oder)
653 _aKleine Parknacht
773 _dFrankfurt (Oder) Märkisches Verlags- und Druckhaus GmbH & Co KG
_tMärkische Oderzeitung
_g33. Jahrgang (2022) Nr. 195 vom 22.08.2022, S. 13, mit Bild
942 _cA